Fuzzy and Neutrosophic Analysis of Periyars Views on Untouchability (Record no. 227857)
[ view plain ]
| 000 -LEADER | |
|---|---|
| fixed length control field | 00597nam a22002057a 4500 |
| 005 - DATE AND TIME OF LATEST TRANSACTION | |
| control field | 20230713164520.0 |
| 008 - FIXED-LENGTH DATA ELEMENTS--GENERAL INFORMATION | |
| fixed length control field | 230713b ||||| |||| 00| 0 eng d |
| 020 ## - INTERNATIONAL STANDARD BOOK NUMBER | |
| International Standard Book Number | 1931233004 |
| 040 ## - CATALOGING SOURCE | |
| Transcribing agency | AL |
| 041 ## - LANGUAGE CODE | |
| Language code of text/sound track or separate title | English |
| 082 ## - DEWEY DECIMAL CLASSIFICATION NUMBER | |
| Edition number | 23 |
| Classification number | 305.5122 |
| Item number | KANF |
| 100 ## - MAIN ENTRY--PERSONAL NAME | |
| Personal name | W B Vasantha Kandasamy |
| 100 ## - MAIN ENTRY--PERSONAL NAME | |
| 9 (RLIN) | 126807 |
| 245 ## - TITLE STATEMENT | |
| Title | Fuzzy and Neutrosophic Analysis of Periyars Views on Untouchability |
| 260 ## - PUBLICATION, DISTRIBUTION, ETC. | |
| Date of publication, distribution, etc. | 2005 |
| 300 ## - PHYSICAL DESCRIPTION | |
| Extent | 385 p. |
| Other physical details | PB |
| Dimensions | 22.5x15 cm. |
| 700 ## - ADDED ENTRY--PERSONAL NAME | |
| Personal name | KANDASAMY (W B Vasantha) |
| 9 (RLIN) | 126808 |
| 700 ## - ADDED ENTRY--PERSONAL NAME | |
| Personal name | SMARANDACHE (Florentin) |
| 9 (RLIN) | 126809 |
| 700 ## - ADDED ENTRY--PERSONAL NAME | |
| Personal name | KANDSASAMY (K) |
| 9 (RLIN) | 126810 |
| 942 ## - ADDED ENTRY ELEMENTS (KOHA) | |
| Source of classification or shelving scheme | Dewey Decimal Classification |
| Koha item type | Donated Books |
| Withdrawn status | Lost status | Source of classification or shelving scheme | Damaged status | Not for loan | Collection code | Home library | Current library | Date acquired | Total Checkouts | Full call number | Barcode | Date last seen | Price effective from | Koha item type | Public note |
|---|---|---|---|---|---|---|---|---|---|---|---|---|---|---|---|
| Dewey Decimal Classification | Sociology | St Aloysius Library | St Aloysius Library | 06/23/2023 | 305.5122 KANF | D05961 | 07/13/2023 | 07/13/2023 | Donated Books | Donated by V.T. Rajshekar |